000 00379nam a2200133Ia 4500
008 230917s9999||||xx |||||||||||||| ||und||
040 _e93280
_aMAIN
041 _aEnglish
082 _a617.7 P196P
100 _aPanwar, Brijesh Singh
245 0 _aProtective function of alpha-topophexol against the process of cataractogenesis in human beings
300 _a76 p.
942 _cTH
999 _c72960
_d72960